000 00711nam a2200217Ii 4500
001 17298
003 CO-ViMGA
008 241108s9999||||xx |||||||||||||| ||und||
020 _a848489097X (Iberoamericana)
040 _aCO-ViMGA
_bspa
_erda
_cCO-ViMGA
041 0 _aspa
082 0 4 _a928.86 A49s
100 1 _aCarolina Alzate Cadavid
_945562
245 1 0 _aSoledad Acosta de Samper :
_bescritura, género y nación en el siglo XIX
264 1 _aMadrid, España : Iberoamericana ; Frankfurt am Main : Vervuert, 2005
300 _avolumen
336 _atext
_btxt
_2rdacontent
337 _aunmediated
_bn
_2rdamedia
338 _avolume
_bnc
_2rdacarrier
940 _aidficha_siabuc: 16963. -- ficha_no_siabuc:17298
999 _c40086
_d40086